| 000 | 00644nam a2200217Ia 4500 | ||
|---|---|---|---|
| 001 | b5553-37074 | ||
| 003 | IT-MiCISF | ||
| 008 | 161014s9999||||xx |||||||||||||| ||und|| | ||
| 040 |
_aIT-MiCISF _cIT-MiCISF |
||
| 041 | _aen | ||
| 100 | _aViladrich Pedro-Juan | ||
| 240 | _aThe Agony of Legal Marriage | ||
| 245 | 4 |
_aThe Agony of Legal Marriage _bAn Introduction to the Basic Conceptual Elements of Matrimony |
|
| 250 | _a1a ed. | ||
| 260 |
_a Pamplona _bUniversidad de Navarra _c1990 |
||
| 300 | _app. 235 | ||
| 500 | _a / matrimonio, relazione-di-coppia, amore / | ||
| 650 | _amatrimonio | ||
| 942 | _cBK | ||
| 957 | _71 | ||
| 999 |
_a37074 _bsi _g1 _c211582 _d211582 |
||